Responses for show #4034 - Thursday, February 28, 2002

Contestants

[<< previous game]

James Zirlott, a business development manager from Cumming, Georgia

Amy Matoian, a market research analyst from New York, New York

Kevin Scott, a graduate student from Columbus, Ohio (whose 1-day cash winnings total $13,000)

[next game >>]

Jeopardy! Round responses

AFRICAN-AMERICAN WOMEN
CHEESY COUNTRIES
(Alex: We want you to give us each cheese's country of origin.)
THE '60s
TABLOID SHAKESPEARE
"T" TIME
GOTTA RUN!
    $200 8
Venus & Serena Williams

James
    $200 22
Ireland

James
    $200 11
dances

Amy
    $200 6
Romeo and Juliet

Amy
    $200 1
tutor

Kevin
    $200 16
Jack Lemmon & Tony Curtis

Amy
    $400 9
Al Roker

Kevin
    $400 23
France

Amy
    $400 12
The Odd Couple

Amy
    $400 7
Othello

Triple Stumper
    $400 2
toga

Amy
    $1,000 17
Road Runner

Amy
    $600 10
(Kevin: Who is Ella Fitzgerald?)
(Amy: Who is Billie Holiday?)

Bessie Smith

KevinAmy
Triple Stumper
    $600 24
(Alex: That's right with a minute to go.)

Germany

Kevin
    $600 13
Joan Baez

Triple Stumper
    $600 21
Hamlet

Amy
    $600 3
Tucson

Amy
    $600 18
Marathon Man

James
    $800 27
Barnard

Amy
    $800 29
Denmark

Amy
    $800 14
(Kevin: What is a monkey?)
(Amy: What is a dog?)
...
(Alex: It was a [*], which
is an ape, not a monkey.)

chimpanzee

KevinAmy
Triple Stumper
    $800 25
Richard III

James
    $800 4
toupee

Kevin
    $800 19
Richard Gere

Kevin
    $1000 28
Phillis Wheatley

Triple Stumper
    $1000 30
(Amy: What is Brussels?)

Belgium

KevinAmy
    $1000 15
Students for a Democratic Society

Kevin
    $1000 26
(James: What is Julius Caesar?)

Brutus

KevinJames
    $1000 5
Tiananmen Square

James
    $1000 20
3 Days of the Condor

Triple Stumper

Scores at the first commercial break (after clue 15):

Kevin Amy James
$1,000 $400 $1,200

Scores at the end of the Jeopardy! Round:

Kevin Amy James
$4,400 $3,200 $1,800

Double Jeopardy! Round responses

MODERN GREECE
COMPUTER SPEAK
SONGS FROM THE HART
U.S. MUSEUMS
THAT WAS "ZEN"
THIS IS TAO
    $400 1
(Kevin: What is the Mediterranean Sea?)
(Alex: Be more specific.)
(Kevin: The Adriatic.)

Aegean

Kevin
Triple Stumper
    $400 3
card

James
    $400 26
"My Funny Valentine"

Amy
    $400 11
Goodyear

Amy
    $400 16
frozen

Amy
    $400 21
jade

Kevin
    $800 2
Mussolini

Amy
    $800 7
help

James
    $800 27
(Amy: What is "I Get a Kick Out of You"?)
...
(Alex: That's why [*].)
[The end-of-round signal sounds.]

"The Lady is a Tramp"

Amy
Triple Stumper
    $800 12
Superman

Amy
    $800 17
(James: What is its peak?)

zenith

KevinJames
    $800 22
(Amy: What is Confuciusism --Confucism?)

Confucianism

KevinAmy
    $1,000 4
Socialism

James
    $1200 8
input & output

Triple Stumper
    $1200 13
Custer

James
    $1200 18
dozen

Amy
    $2,000 23
(Alex: [Before Kevin wagers] Minute to go, Kevin.)
...
(Kevin: What is fu chi?)

feng shui

Kevin
    $1600 5
Z

Triple Stumper
    $1600 9
compressing

Kevin
    $1600 14
Georgia O'Keeffe

Kevin
    $1600 19
citizen

Kevin
    $1600 24
Lao-Tzu

Triple Stumper
    $2000 6
Papandreou

Triple Stumper
    $2000 10
Norton

Kevin
    $2000 15
John Paul Getty Museum

Kevin
    $2000 20
brazen

Kevin
    $2000 25
Falun Gong

Triple Stumper

Scores at the end of the Double Jeopardy! Round:

Kevin Amy James
$14,800 $5,600 $4,400
(lock game)

[wagering suggestions for these scores]

Final Jeopardy! Round responses

TV & LITERATURE
JamesWhat is ?
$2,000
AmyWhat is ?
$5,000
KevinWhat is Uncle Tom's Cabin?
$3,000
Les Misérables

Final scores:

Kevin Amy James
$11,800 $600 $2,400
2-day champion: $24,800 3rd place: trip to Las Vegas & stay at Peter Morton Hard Rock Hotel & Casino 2nd place: trip to Grenada & stay at Spice Island Beach Resort

Game dynamics:

Coryat scores:

Kevin Amy James
$16,800 $5,000 $4,600
17 R,
4 W
(including 1 DD)
17 R
(including 1 DD),
5 W
9 R
(including 1 DD),
2 W

Combined Coryat: $26,400

The J! Archive is created by fans, for fans. The Jeopardy! game show and all elements thereof, including but not limited to copyright and trademark thereto, are the property of Jeopardy Productions, Inc. and are protected under law. This website is not affiliated with, sponsored by, or operated by Jeopardy Productions, Inc. Join the discussion at JBoard.tv.